000 00263nam a22000977a 4500
999 _c11517
_d11517
008 190531b ||||| |||| 00| 0 eng d
020 _a9788183507844
100 _aAgarwal Archana
_96854
245 _aInformation Practices-Xi
260 _aNew Delhi
_bSultan Chand
_c2018